000 00723nam a2200253Ia 4500
003 OSt
005 20221006160940.0
006 a|||||r|||| 00| 0
007 ta
008 221006b |||||||| |||| 00| 0 kor d
020 _a9791186116098
024 _a46,922
037 _cTextual
040 _aEASL
_cEASL
_bkor
041 _2kor
_akor
082 _aY:1.495, Q6
100 _aGYU SHIK NO
_9675530
245 0 _aThrough the perspective of social scientists what must be the study method for people in contemporary era ?
260 _aSeoul
_bAltus Publisher Korea
_c2016
300 _a191p.
_ccm.
490 _v KL
942 _hY:1.495, Q6
_cTEXL
_2CC
999 _c1115011
_d1115011